=LDR 00000nam 2200000 4500 =001 000369 =005 20250710030302 =035 ##$$a 0010-0725000228 =007 ta =008 250710################a##########0#ind## =020 ##$$a 978-623-472-376-2 =082 ##$$a 398.209 598 =084 ##$$a 398.209 598 FEN m =100 #$$a Fengsavanh, Syamphay =245 1#$$a Melewati Hari di Taman Ria /$c Syamphay Fengsavanh =250 ##$$a Cetakan Pertama =260 ##$$a Jakarta Timur :$b Badan Pengembangan dan Pembinaan Usaha,$c 2024 =300 ##$$a 28 hlm. : $b ilus. ; $c 22,9 cm =650 #4$$a Cerita Anak Indonesia-Terjemahan =650 #4$$a Literasi-Bahan Bacaan =856 ##$$a TBM As Suhada =990 ##$$a TBM00890089